| 000 | 00000nam 2200000za 4500 |
| 001 | 9.832864 |
| 003 | CaOODSP |
| 005 | 20221107150102 |
| 007 | cr ||||||||||| |
| 008 | 170222t2017 onc o f000 0 fre d |
| 020 | |a978-0-660-07729-1 |
| 040 | |aCaOODSP|bfre |
| 043 | |an-cn--- |
| 086 | 1 |aCW69-14/400-2017F-PDF |
| 245 | 00|aÉvaluation et rapport de situation du COSEPAC sur le Puffin à pieds roses, Ardenna creatopus, au Canada |h[ressource électronique]. |
| 246 | 15|aRapport de situation du COSEPAC sur le Puffin à pieds roses, Ardenna creatopus, au Canada |
| 260 | |aOttawa : |bEnvironnement et Changement climatique Canada, |c2017, c2016. |
| 300 | |axiv, 50 p. : |bfigures. |
| 500 | |aPubl. aussi en anglais sous le titre : COSEWIC assessment and status report on the Pink-footed Shearwater, Ardenna creatopus, in Canada. |
| 500 | |aTitre de la couv. |
| 500 | |a« En voie de disparition, 2016. » |
| 500 | |a« Le COSEPAC remercie Louise Blight, Peter Hodum et Matt Fairbarns d’avoir rédigé le rapport de situation sur le Puffin à pieds roses (Ardenna creatopus) au Canada, qui a été préparé avec le soutien financier d’Environnement et Changement climatique Canada. » |
| 692 | 07|2gccst|aEspèce menacée |
| 692 | 07|2gccst|aConservation de la nature |
| 692 | 07|2gccst|aOiseau aquatique |
| 700 | 1 |aBlight, Louise K. |
| 700 | 1 |aHodum, Peter. |
| 700 | 1 |aFairbarns, Matthew. |
| 710 | 2 |aComité sur la situation des espèces en péril au Canada. |
| 710 | 1 |aCanada. |bEnvironnement et changement climatique Canada. |
| 710 | 2 |aService canadien de la faune. |
| 775 | 08|tCOSEWIC assessment and status report on the Pink-footed Shearwater, Ardenna creatopus, in Canada |w(CaOODSP)9.832863 |
| 795 | |tÉvaluation et rapport de situation du COSEPAC sur le puffin à pieds roses, Puffinus creatopus au Canada |w(CaOODSP)9.591808 |
| 856 | 40|qPDF|s965 Ko|uhttps://publications.gc.ca/collections/collection_2017/eccc/CW69-14-400-2017-fra.pdf |